Le christianisme antique : De Jésus à Constantin (notice n° 2119004)

détails MARC
000 -LEADER
fixed length control field 01712cam a2200133 4500500
005 - DATE AND TIME OF LATEST TRANSACTION
control field 20260405015910.0
041 ## - LANGUAGE CODE
Language code of text/sound track or separate title fre
042 ## - AUTHENTICATION CODE
Authentication code dc
100 10 - MAIN ENTRY--PERSONAL NAME
Personal name Mattei, Paul
Relator term author
245 00 - TITLE STATEMENT
Title Le christianisme antique : De Jésus à Constantin
260 ## - PUBLICATION, DISTRIBUTION, ETC.
Name of publisher, distributor, etc. Armand Colin,<br/>
Date of publication, distribution, etc. 2024.<br/>
520 ## - SUMMARY, ETC.
Summary, etc. Comment une secte périphérique s’est-elle muée en religion universelle, socle de civilisations ? Tout commence par une rupture, lente, et non voulue : le « mouvement de Jésus », né d’un judaïsme polymorphe, et lui-même divers, mit un siècle, et davantage, à s’émanciper. Jetée dans le monde hellénistico-romain, la foi nouvelle connaît la persécution et s’affronte à la culture ambiante ; elle se bâtit, sur un double plan : doctrinal (la « Grande Église » crée son orthodoxie, contre les « hérésies ») et structurel (les instances de régulation se fixent). Le IIIe siècle marque un tournant, tragique parfois : communautés plus nombreuses, plus étoffées et plus bigarrées, institutions consolidées, survenue de théologiens majeurs, champ élargi des normes disciplinaires, balbutiements d’un art. Quand Constantin se convertit, le christianisme, minoritaire, n’est plus un phénomène marginal : le bon plaisir de l’empereur ne l’a pas tiré du néant… Telle est la courbe, aléatoire, qu’entend décrire ce livre, textes à l’appui. Il le fait sans oublier qu’ici, plus qu’ailleurs peut-être, la description ne peut se déployer que sur un fond épais d’incertitudes et dans un flot pressé de remises en question.
856 41 - ELECTRONIC LOCATION AND ACCESS
Uniform Resource Identifier <a href="https://shs.cairn.info/le-christianisme-antique-3e-ed--9782200639686?lang=fr&redirect-ssocas=7080">https://shs.cairn.info/le-christianisme-antique-3e-ed--9782200639686?lang=fr&redirect-ssocas=7080</a>

Pas d'exemplaire disponible.

PLUDOC

PLUDOC est la plateforme unique et centralisée de gestion des bibliothèques physiques et numériques de Guinée administré par le CEDUST. Elle est la plus grande base de données de ressources documentaires pour les Étudiants, Enseignants chercheurs et Chercheurs de Guinée.

Adresse

627 919 101/664 919 101

25 boulevard du commerce
Kaloum, Conakry, Guinée

Réseaux sociaux

Powered by Netsen Group @ 2025